| 000 | 02299nmm a22003737a 4500 | ||
|---|---|---|---|
| 003 | CHAP | ||
| 005 | 20240617120606.0 | ||
| 007 | co |g |||aaaaa | ||
| 008 | 000414s1999 mx a | 10 spa d | ||
| 010 | _a80842 | ||
| 011 | _a81814 | ||
| 035 | _a92295 | ||
| 040 | _cCHAP | ||
| 041 | _aspa | ||
| 090 | _aCD-43 | ||
| 110 | 1 |
_aSociedad Mexicana de Historia Natural _9108092 |
|
| 245 | 0 |
_aRevista de la Sociedad Mexicana de Historia Natural : _h[disco compacto] _bTextos completos 1938-1997 _c/por Sociedad Mexicana de Historia Natural |
|
| 264 | 1 |
_aMéxico, D. F. : _bInstituto Mexicano de Recursos Naturales Renovables, _c1999. |
|
| 300 |
_a1 disco compacto : _bilus. _c4 3/4 pulgadas (12 cm.) |
||
| 336 |
_2rdacontent _aprograma de computadora _bcop |
||
| 337 |
_2rdamedia _aordenador _bc |
||
| 338 |
_2rdacarnier _adisco de computadora _bcd |
||
| 516 | _aPrograma de computadora | ||
| 538 | _aPresione el botón de inicio y seleccione ejecutar, en el cuadro de diálogo escribir, “d:\setup.exe" donde d: equivale a su unidad de CD ROM, seguir las instrucciones de instalación se recomienda utilizar los valores preestablecidos validación de la Infobase, presionar el botón de inicio, seleccionar, Imernar y pulsar sobre "registro de la revista" después de este paso la revista se encuentra instalada, validada y lista para ser utilizada. Presionar el botón de inicio, seleccionar, "programas" seleccionar Imernar y presionar sobre "revista de la sociedad de historia natural" cada vez que se quiera volver a consultar la revista se deberá repetir el paso No. 5, para conoser más sobre el programa folio recomendamos consultar el manual completo en Linea ubicado en C:\Archivos de programa\cemsa\imernar\Nfo\folayuda.nfo y C:\Archivos de programa\cemsa\imernar\Nfo\folintro.nfo Si tine duda o requiere soporte adicional contáctenos en Ebeltra1@mail.Internet.com.mx o al teléfono 55191633 de la Ciudad de México. | ||
| 546 | _aTexto en español | ||
| 590 |
_aBATCH-UPD _b10 _c20130110 |
||
| 590 |
_aBATCH-UPD _b10 _c20130410 |
||
| 590 |
_aBATCH-UPD _b10 _c20130914 |
||
| 590 |
_aCONVERSION _b10 _c20130109 |
||
| 650 | 1 | 4 |
_aRecursos naturales _xMéxico. _995299 |
| 905 | _aBlanca M. García O. | ||
| 942 |
_cCD _2local |
||
| 949 |
_aCD-43 _bBC _cCD _d33724000777140 _eCD _i92295 _sb |
||
| 999 |
_c80842 _d80842 |
||